Industrial conditions and labour legislation in Japan
Bewaard in:
| Hoofdauteur: | |
|---|---|
| Formaat: | Boek |
| Taal: | Undetermined |
| Gepubliceerd in: |
London
P. S. King & Son, Ltd.
1926
|
| Onderwerpen: | |
| Tags: |
Voeg label toe
Geen labels, Wees de eerste die dit record labelt!
|
| Thư viện lưu trữ: | Trung tâm Học liệu Trường Đại học Cần Thơ |
|---|
| LEADER | 00550nam a2200193Ia 4500 | ||
|---|---|---|---|
| 001 | CTU_85976 | ||
| 008 | 210402s9999 xx 000 0 und d | ||
| 082 | |a 344 | ||
| 082 | |b A989 | ||
| 100 | |a Ayusawa, Iwao F. | ||
| 245 | 0 | |a Industrial conditions and labour legislation in Japan | |
| 245 | 0 | |c Iwao F. Ayusawa | |
| 260 | |a London | ||
| 260 | |b P. S. King & Son, Ltd. | ||
| 260 | |c 1926 | ||
| 650 | |a Labor laws and legislation,Working class | ||
| 650 | |z Japan,Japan | ||
| 904 | |i Năm | ||
| 980 | |a Trung tâm Học liệu Trường Đại học Cần Thơ | ||